Statistics for Royalty of England

Click here to take the quiz!

General Stats

  • This quiz has been taken 111 times
  • The average score is 8 of 10

Answer Stats

HintAnswer% Correct
He was the youngest son of William IHenry I
100%
He had six wivesHenry VIII
100%
She ordered the beheading of her of her cousinElizabeth I
99%
She is the longest reigning Monarch in
English history
Elizabeth II
98%
She reigned for 64 yearsQueen Victoria
84%
He conquered EnglandWilliam the Conqueror
82%
He was written as a bad guy in many plays
but he wasn't actually that bad
Richard III
57%
She only ruled for nine daysLady Jane Grey
56%
He was beaten by the Scots at the Battle
of Bannockburn
Edward II
43%
Her head was cut off by her cousinMary Queen of Scots
41%

Score Distribution

Percentile by Number Answered

Percent of People with Each Score

Your Score History

You have not taken this quiz